书目信息 |
| 题名: |
创造发明1000例
|
|
| 作者: | 孙智昌 主编 ;李红梅 编著 | |
| 分册: | 数学卷 | |
| 出版信息: | 桂林 广西师范大学出版社 2001 |
|
| 页数: | 276页 | |
| 开本: | 21cm | |
| 丛书名: | ||
| 单 册: | ||
| 中图分类: | N49 , G305 | |
| 科图分类: | ||
| 主题词: | 科学技术--普及读物 , 数学--普及读物 , 科学技术 , 数学 , 科学研究--理论 | |
| 电子资源: | ||
| ISBN: | 7-5633-3185-9 | |
| 000 | 00826nam0 2200289 450 | |
| 001 | 1239092356 | |
| 005 | 20121005105302.84 | |
| 010 | @a7-5633-3185-9@dCNY8.90 | |
| 100 | @a20120417e20022001em y0chiy50 ea | |
| 101 | 0 | @achi |
| 102 | @aCN@b450000 | |
| 105 | @ay z 000yy | |
| 200 | 1 | @a创造发明1000例@Achuang zao fa ming 1000 li@e发明大王@i数学卷@f孙智昌主编@g李红梅等编著 |
| 210 | @a桂林@c广西师范大学出版社@d2001@h2002重印 | |
| 215 | @a276页@c图@d21cm | |
| 517 | 1 | @a发明大王@Afa ming da wang |
| 606 | 0 | @a科学技术@j普及读物 |
| 606 | 0 | @a数学@j普及读物 |
| 606 | 0 | @a科学技术 |
| 606 | 0 | @a数学 |
| 606 | 0 | @a科学研究@x理论 |
| 690 | @aN49@v4 | |
| 690 | @aG305@v4 | |
| 701 | 0 | @a孙智昌@Asun zhi chang@4主编 |
| 702 | 0 | @a李红梅@Ali hong mei@4编著 |
| 801 | 0 | @aCN@bNLC@c20120417 |
| 905 | @a10447@dG305@eJY14 | |
| 创造发明1000例:发明大王.数学卷/孙智昌主编/李红梅等编著.-桂林:广西师范大学出版社,2001(2002重印) |
| 276页:图;21cm |
| ISBN 7-5633-3185-9:CNY8.90 |
| ● |
| 相关链接 |
|
|
|
|
正题名:创造发明1000例
索取号:G305/JY14
 
预约/预借
| 序号 | 登录号 | 条形码 | 馆藏地/架位号 | 状态 | 备注 |
| 1 | 7805012 | 278050127 | 学院路分馆/ [索取号:G305/JY14] | 在馆 | |
| 2 | 7805013 | 278050136 | 学院路分馆/ [索取号:G305/JY14] | 在馆 | |
| 3 | 7805014 | 278050145 | 学院路分馆/ [索取号:G305/JY14] | 在馆 | |
| 4 | 7805015 | 278050154 | 学院路分馆/ [索取号:G305/JY14] | 在馆 |